02547nam a2200241Ia 450000500170000000800410001704000440005804100180010208200150012010000360013524201990017124501950037026000770056530000720064250005260071450507860124050600210202654600620204765000490210965000470215865000500220565000500225520170801150118.0130821k17361737fr fr 1 0 mul d aCo-BoUCMbspacSandra YazodSandra Yazo0 afreagrealat04a291.652201 aLanthéaume, Pierre-François00aObservaciones teológicas, históricas y críticas sobre la historia de la Iglesiacde Monseñor el padre Fleury. Con disertaciones y análisis de los Padres y otras piezas destacadas.yspa10aObservations theologiques, historiques, critiques &c, sur l'histoire ecclesiastiquecde ... monsieur l'Abbé Fleury, Avec des dissertations, analyses des Peres & autres pieces détachées aAvignon [Aviñón] (Francia)bDe l'imprimerie de Marc Chavec1736-1737 a2 volúmenes (xx, 489, [15] ; xx, 500, [14] páginas)c25 x19 cm. aDetalles físicos: Encuadernación rígida en cartón duro forrado en cuero. Lomo con nervaduras sobre costuras, adornos en dorado y tejuelo. En tapas con un recuadro repujado, cuero gastado y deteriorado. Guardas en papel de agua. Hoja de cortesía. Portada impresa en una sola tinta con un grabado decorativo. Cenefas y remates. Mayúsculas capitales. Texto impreso en una columna, con varios tipos y tamaños de letra. Márgenes amplios. Apostillas marginales. Papel con algunas manchas. Deformación de plano1 aV.1: Observaciones al prólogo, libros 1, 2 y 3 del primer tomo de la "Historia Eclesiástica" de Fleury ; Disertaciones sobre las "Cartas" de San Ignacio ; Observaciones a los libros 4 a 20 de la "Historia Eclesiástica" de Fleury ; Análisis sobre los libros de San Agustín: Sobre el libre albedrío, a Simpliciano y Sobre el espíritu y la letra -- V.2: Observaciones a los libros 21 a 28 de la "Historia Eclesiástica" de Fleury ; Discurso sobre el Concilio de Éfeso, Partes 1 a 3 ; Observaciones sobre el Concilio de Éfeso ; Análisis de las obras de San Agustín: Carta a Sixto, Sobre la Gracia y el Libre albedrío, Sobre la corrección y la gracia, Sobre el don de la perseverancia ; Análisis de las cartas de San Próspero y de Hilario a San Agustín. aConsulta en sala aTexto en francés y en latín con expresiones en griego 7aGracia (Teología)xObras anteriores a 1800 7aIglesiaxHistoriaxObras anteriores a 1800 7aPadres de la iglesiaxObras anteriores a 1800 7aTeologia dogmáticaxObras anteriores a 1800